000 00402nam a22001577a 4500
003 macl
005 20160204130148.0
008 160204b xxu||||| |||| 00| 0 eng d
040 _cmacl
041 _aEnglish
100 _aBiswas Samindra Mohan
_936876
245 _aSher-E-Bangla Fazlul Huq (1906-1947)
260 _aKolkata
_bMana Bodhi Book
_c2011
650 _aPolotics
_922528
942 _2ddc
_cBK
999 _c53230
_d53230